000 00667nam a2200277Ia 4500
005 20260324125313.0
008 008 260324s9999 xx 000 0 eng d
020 _a9780429145285
037 _aEBOOK
040 _aCRL
040 _beng
040 _cCRL
041 _2eng
041 _aeng
084 _qCRL
100 _aZeev Valy Vardeny
_91174668
245 0 _aUltrafast Dynamics and Laser Action of Organic Semiconductors
260 _bTaylor and Francis
260 _c2009
365 _a
365 _b340
856 _uhttp://www.taylorfrancis.com/books/9780429145285
942 _cEBOOK
999 _c1772594
_d1772594